000
00224nam a22000857a 4500
008
160705b xxu||||| |||| 00| 0 eng d
100
_9
2261
_a
Devi, G, et, al
245
_a
The Princess Remembers
260
_a
New Delhi
_b
Vikas
_c
1982
999
_c
1945
_d
1945